000 00675nam a2200241Ia 4500
003 OSt
005 20220928133208.0
006 a|||||r|||| 00| 0
007 ta
008 220927b |||||||| |||| 00| 0 hin d
020 _cINR 1295.00
024 _a139866
037 _b070, 18/02/2019, Kiran Book Service
_cTextual
040 _aSDCL
_cSDCL
_bhin
041 _2hin
_ahin
082 _aP152, Q8
100 _aDodiya N.M.
_9484685
245 0 _aPrayojanmulak hindi
260 _aJaipur
_bParadise
_c2018
650 _aHindi
_9391598
942 _hP152, Q8
_cTEXL
_2CC
999 _c798235
_d798235